[Event "I IRT CXG 2025"]
[Site "Rio de Janeiro"]
[Date "2025.04.01"]
[Round "4.5"]
[White "Manzi, Luiz Antonio Bardar"]
[Black "Ramos, Angelo Bil"]
[Result "1-0"]
[WhiteElo "1996"]
[BlackElo "1995"]
[Annotator "Chessbase - SF 17.1"]
[PlyCount "65"]
[EventDate "2025.??.??"]
[EventCountry "BRA"]

1. e4 {[%eval 18,0]} c5 {[%eval 25,0]} 2. Nf3 {[%eval 2,0]} Nc6 {[%eval 25,0]} 3. Bb5 {[%eval 28,0]} g6 {[%eval 24,0]} 4. O-O {[%eval 22,0]} Bg7 {[%eval 22,0]} 5. c3 {[%eval 11,0]} e5 {[%eval 2,0]} 6. Na3 {[%eval 1,0]} Nge7 {[%eval 6,0]} 7. d4 {[%eval 11,0]} cxd4 {[%eval 0,0]} 8. cxd4 {[%eval 3,0]} exd4 {[%eval 13,0]} 9. Bf4 {[%eval 6,0]} a6 {[%eval 18,0]} (9... d5 10. exd5 Qxd5 11. Bc4 Qd7 12. Nb5 O-O 13. Nc7 Rb8 14. Nb5 Ra8 15. Re1 Nf5 16. Nc7 Rb8 17. Nd5 Ra8 18. Rc1 Na5 19. Ne5 Qd8 20. Nxf7 Rxf7 21. Bc7 Rxc7 22. Nxc7+ Nxc4 23. Rxc4 Nd6 24. Qb3 Kh8 25. Nxa8 Nxc4 26. Qxc4 d3 27. Qf7 Bd7 28. Re7 Qf8 29. Qxf8+ Bxf8 30. Rxd7 {1-0 Naroditsky,D (2619)-Yoo,C (2606) Titled Tuesday intern op 10th Oct Late Chess.com INT blitz 2023 (11)}) 10. Ba4 $146 {[%eval 35,0][%cal Bc4f7][%mdl 1024] Threatens to win with Nc4. White has compensation.} (10. Bd6 $5) (10. Bc4 d6 11. Nc2 O-O 12. Ncxd4 Nxd4 13. Nxd4 d5 14. exd5 Nxd5 15. Be3 Kh8 16. Nc2 Nxe3 17. Qxd8 Rxd8 18. Nxe3 b5 19. Bxf7 Bxb2 20. Rad1 Bb7 21. Bd5 Bxd5 22. Nxd5 Rac8 23. g3 a5 24. Kg2 b4 {Mayukh Majumder (2013)-Mohamed,A (2334) Chennai IND 2025 ½-½ (46)}) 10... b5 {[%eval 43,0] Against Nc4} 11. Bb3 {[%eval 52,0][%cal Rc2d4]} (11. Bxb5 $5 axb5 12. Nxb5) 11... d6 $6 {[%eval 18,0] Inaccuracy. d5 was best. Black is slightly better.} (11... d5 12. e5) 12. Nc2 {[%eval 49,0][%cal Rc2d4] [#]} Bb7 $146 {[%eval 83,0]} (12... O-O 13. Ncxd4 {½-½ Prelovszky,L-Szabo,L HUN-ch23 Budapest 1967 (7)}) 13. Re1 {[%eval 55,0][%cal Rc2d4]} O-O {[%eval 52,0] ...dxc4 is the strong threat.} 14. Ncxd4 {[%eval 58,0]} (14. Nfxd4 Na5) 14... Nxd4 {[%eval 84,0]} 15. Nxd4 {[%eval 89,0]} h6 $6 {[%eval 159,0] Inaccuracy. Qb6 was best.} (15... Qb6 16. Be3) 16. Qd2 {[%eval 105,0]} g5 {[%eval 145,0]} 17. Bg3 {[%eval 126,0]} Qb6 {[%eval 133,0]} 18. Rad1 {[%eval 146,0]} Rfe8 {[%eval 103,0][%cal Bb5c4]} 19. h4 $2 {[%eval 1,0] Mistake. Nf3 was best. [#] And now Nf3 would win.} (19. Nf3 Ng6) 19... gxh4 $2 {[%eval 112,0][%cal Bb2a1] Mistake. Qxd4 was best. White must now prevent ...Ba1!} (19... Qxd4 20. Qxd4 Bxd4 21. Rxd4 Nf5 22. Rd2 Rxe4 23. f3 Rxe1+ 24. Bxe1 gxh4 25. Bc2) 20. Bf4 $6 {[%eval 11,0][%cal Bd1d8,Bg3f4,Bf4e3,Be3g5][%mdl 32] Inaccuracy. Bxh4 was best. aiming for Rd8!} (20. Bxh4 Bxd4 21. Qf4 d5 22. exd5 Nxd5 23. Rxe8+ Rxe8 24. Qxd4 Re1+ 25. Kh2 Rxd1) 20... h5 $4 {[%eval 414,0][%mdl 8192] Blunder. Qxd4 was best.} (20... Bxd4 21. Qxd4 Qxd4 22. Rxd4 Nf5) (20... Qxd4) 21. Nf3 $6 {[%eval 312,0][%csl Bd6,Bh4] Inaccuracy. Ne6 was best.} (21. Ne6) 21... Ng6 {[%eval 294,0]} 22. Ng5 {[%eval 266,0]} d5 {[%eval 243,0]} 23. exd5 {[%eval 219,0]} (23. Bxd5 Bxd5 24. Be3 (24. exd5 Rxe1+ 25. Rxe1 Qd4 $14) (24. Qxd5 Qf6) 24... Qf6 25. exd5 (25. Qxd5 Rac8) 25... Bh6 $16) 23... Qf6 $2 {[%eval 371,0] Mistake. Nxf4 was best. [#]} (23... Nxf4 24. Qxf4 (24. Rxe8+ Rxe8 25. Qxf4 Qf6 $14) 24... Qf6 25. Qxh4 Bh6 26. f4 Rxe1+ 27. Rxe1 Bxd5 28. Bxd5 Qd4+ 29. Kh2) 24. Be3 {[%eval 304,0]} Qd6 {[%eval 403,0]} 25. Nh3 $4 {[%eval 148,0] Blunder. Qe2 was best.} (25. Qe2 Ne5 26. Qxh5 Qh6 27. Qxh6 Bxh6 28. Ne4 Bg7 29. Nd6 Reb8 30. Nf5 Nc4) 25... Re4 $6 {[%eval 271,0] Inaccuracy. Re5 was best.} (25... Re5 26. Bd4 Rxe1+ 27. Qxe1 a5 28. Bxg7 Kxg7 29. Bc2 Qe5 30. Qd2 Qxb2 31. Rb1) 26. f3 $6 {[%eval 168,0] Inaccuracy. Ng5 was best.} (26. Ng5 Re5 27. Qe2 Bf6 28. Qxh5 Bxg5 29. Bxg5 h3 30. gxh3 Rae8 31. Rxe5 Qxe5) 26... Re7 {[%eval 201,0]} 27. Bg5 $6 {[%eval 93,0] Inaccuracy. Ng5 was best.} (27. Ng5) 27... Rd7 $2 {[%eval 246,0] Mistake. Rxe1+ was best.} (27... Rxe1+) 28. Nf4 {[%eval 263,0]} Qc5+ $6 {[%eval 353,0] Inaccuracy. Nxf4 was best.} (28... Nxf4 29. Bxf4 Qf6 30. Bg5 Qg6 31. Bc2 Qb6+ 32. Be3 Qd6 33. Bf2 h3 34. Bf5) 29. Kh2 {[%eval 302,0]} Nxf4 {[%eval 388,0]} (29... Be5 30. Rxe5 Nxe5 31. Nxh5 Rd6 32. Be7 Qc7 33. Bxd6 Qxd6 34. Qg5+ Ng6+ 35. f4 Kh7 36. Re1 h3 37. g3 Qd8) 30. Qxf4 {[%eval 374,0]} (30. Bxf4 a5 $18) 30... h3 $6 {[%eval 507,0] Inaccuracy. a5 was best.} (30... a5 31. Qf5 Qd6+ 32. Kh1 h3 33. Qxh3 Bxb2 34. Re4 a4 35. Bf4 axb3 36. Bxd6) 31. Kxh3 $6 {[%eval 353,0] Inaccuracy. d6 was best.} (31. d6 Kh7 32. Kxh3 Rf8 33. Be7 Bh6 34. Qe5 Qxe5 35. Rxe5 Kg7 36. Bxf8+ Kxf8) 31... Bxd5 $6 {[%eval 506,0] Inaccuracy. Qd6 was best.} (31... Qd6 32. Qxd6 Rxd6 33. Bf4 Rdd8 34. d6 Bf6 35. Bd5 Ra7 36. Bxb7 Rxb7 37. b3) 32. Qf5 {[%eval 498,0][%csl Bd5,Bd7][%cal Rd1d5]} Be6 {[%eval 574,0]} 33. Bxe6 {[%eval 589,0] Weighted Error Value: White=0.71/Black=0.97 Precisão Stockfish 17: Brancas 85% Pretas 80%} 1-0

[Event "I IRT CXG 2025"]
[Site "Rio de Janeiro"]
[Date "2025.04.05"]
[Round "5.1"]
[White "Ramos, Angelo Bil"]
[Black "Macario, Jorge Luiz das Chag"]
[Result "1/2-1/2"]
[WhiteElo "1995"]
[BlackElo "1787"]
[Annotator "Chessbase - SF 17.1"]
[PlyCount "151"]
[EventDate "2025.??.??"]
[EventCountry "BRA"]

1. d4 {[%eval 17,0]} d5 {[%eval 2,0]} 2. c4 {[%eval 26,0]} e6 {[%eval 27,0]} 3. Nc3 {[%eval 18,0]} Nf6 {[%eval 24,0]} 4. Bg5 {[%eval 19,0]} Be7 {[%eval 12,0]} 5. Nf3 {[%eval 9,0]} c6 {[%eval 21,0]} 6. e3 {[%eval 18,0]} O-O {[%eval 22,0]} 7. Qc2 {[%eval 13,0]} dxc4 {[%eval 65,0]} (7... b6 8. Rd1 Bb7 9. a3 Nbd7 {½-½ (9) Szuhanek,R (2475)-Khukhashvili,S (2392) Rome 2007}) (7... Nbd7 8. a3 h6 9. Bh4 Ne8 10. Bg3 Nd6 11. cxd5 exd5 12. Bd3 Nf6 13. O-O Be6 14. Ne5 Qc8 15. f3 c5 16. Qd2 Nh5 17. Bf2 cxd4 18. exd4 Bg5 19. Be3 Bxe3+ 20. Qxe3 Qd8 21. Rae1 Nf6 22. Qf2 Re8 23. g4 Rc8 24. h4 Nd7 25. Ne2 Nc4 26. Nxd7 Bxd7 27. Nf4 Bc6 28. Rxe8+ Bxe8 29. Re1 Qd6 30. Ng2 Bd7 31. g5 hxg5 32. hxg5 g6 33. f4 Kg7 34. f5 gxf5 35. Bxf5 Bxf5 36. Qxf5 Rh8 37. Re2 {1-0 Vidit,S (2716)-Gukesh,D (2758) Tata Steel India rapid Kolkata 2023 (4)}) 8. Bxc4 {[%eval 62,0]} b5 {[%eval 115,0]} 9. Bd3 {[%eval 85,0]} g6 $6 $146 {[%eval 173,0] Inaccuracy. Nbd7 was best. [#] White is better.} (9... Nbd7 10. O-O Bb7 (10... h6 11. Bh4 Bb7 12. a3 a6 13. b4 a5 14. Rab1 axb4 15. axb4 Nb6 16. Bxf6 Bxf6 17. Be4 Nd5 18. Nxd5 exd5 19. Bd3 Qd6 {and Black has nothing to worry.} (19... Bc8 20. Qxc6 Bg4 21. Ne5 Bxe5 22. dxe5 Qg5 23. Qxd5 Rad8 24. Qe4 {1-0 Castillo Beitia,A (1929)-Nasri,R Swiss Queens Wed #1 2024 FIDE Online Arena INT (11.3)})) 11. e4 h6 12. Bh4 a5 13. Rad1 b4 14. Na4 Qc7 15. Bg3 Qc8 16. Rc1 Rd8 17. Rfd1 Ba6 18. Ne5 Bxd3 19. Qxd3 Nxe5 20. Bxe5 Qa6 21. Qc2 Rac8 22. f3 Nd7 23. Bg3 Nb6 24. Bf2 {1-0 Grigorian,S (2433)-Antonov,A (2309) EU-ch qual Online Tornelo INT 2020 (5)}) 10. O-O $146 {[%eval 146,0]} (10. h4 Bb7 11. Ne5 Na6 $16 {keeps fighting.} (11... Nh5 12. Bh6 Na6 (12... Ng7 13. h5 f5 14. hxg6 hxg6 15. Nxg6 Rf6 16. Nf4 Qd7 17. Bxg7 Kxg7 18. Nh5+ Kf8 (18... Kg6 19. Nxf6 Bxf6 20. Qe2 Kf7 21. Rh7+ Bg7 22. Qh5+ Kf8 23. Ne2 Qe7 24. Nf4 Qb4+ 25. Kf1 Nd7 26. Nxe6+ Ke7 27. Rxg7+ Kd6 28. Qxf5 c5 29. Qf4+ Kc6 30. Qc7+ {1-0 Aldrich,J-Kane,P Eastpointe ch-MI 1994}) 19. Nxf6 Bxf6) 13. Bxf8 Nb4)) 10... Bb7 {[%eval 146,0]} 11. Bxf6 $6 {[%eval 62,0] Inaccuracy. e4 was best.} (11. e4 b4 12. Na4 Nbd7 13. Rfd1 c5 14. Nxc5 Nxc5 15. dxc5 Rc8 16. Bh6 Bxc5) 11... Bxf6 {[%eval 67,0]} 12. b4 {[%eval 29,0]} a5 {[%eval 26,0]} 13. a3 {[%eval 31,0]} axb4 {[%eval 26,0]} 14. axb4 {[%eval 21,0]} Na6 {[%eval 39,0]} 15. Rab1 {[%eval 32,0]} Qe7 {[%eval 66,0]} 16. Qb2 {[%eval 51,0]} Rfd8 {[%eval 52,0]} 17. Rfd1 {[%eval 29,0]} (17. Ne4 $5 {[%cal Re4f6]}) 17... Bg7 {[%eval 47,0]} 18. Na2 {[%eval 4,0][%cal Bc3a2,Ba2c1,Bc1d3][%mdl 32]} Nc7 {[%eval 29,0]} 19. e4 $6 {[%eval 59,0] Inaccuracy. Be2 was best.} (19. Be2 Na6) 19... Ra4 $6 {[%eval 1,0][%cal Bc6c5] Inaccuracy. e5 was best.} (19... e5 20. dxe5) 20. Bc2 {[%eval 2,0]} Ra6 {[%eval 1,0]} 21. Nc1 {[%eval 26,0]} Raa8 $2 {[%eval 128,0] Mistake. e5 was best. [#]} (21... e5 22. Nxe5) 22. Nd3 $16 {[%eval 128,0]} Na6 {[%eval 122,0]} 23. Qc3 {[%eval 127,0]} Rac8 {[%eval 123,0][%cal Bc6c5]} 24. Rdc1 $2 {[%eval 2,0] Mistake. Nc5 was best.} (24. Nc5 Nxc5) 24... Bh6 $2 {[%eval 136,0] Mistake. c5 was best.} (24... c5 25. Nxc5 Nxc5 26. bxc5 e5) 25. Re1 {[%eval 142,0]} Bg7 {[%eval 103,0][%cal Bc6c5]} 26. h3 $6 {[%eval 37,0] Inaccuracy. Rbd1 was best.} (26. Rbd1 c5 27. bxc5 f5 28. e5 Bxf3 29. gxf3 Nc7 30. Bb3 Bh6 31. Nb4 Kh8) 26... Qd6 $4 {[%eval 236,0] Blunder. c5 was best.} (26... c5 27. bxc5 Qd7 28. Qa5 Bxd4 29. Nxd4 Qxd4 30. Rxb5 Bxe4 31. Rd1 Bc6 32. Rbb1) 27. e5 $18 {[%eval 228,0]} Qd7 {[%eval 251,0][%cal Bc6c5]} 28. Rbd1 $6 {[%eval 162,0] Inaccuracy. Nc5 was best.} (28. Nc5 Nxc5 29. dxc5 Qd5 30. Bb3 Qd3 31. Qb2 Qd7 32. Rbd1 Qe7 33. Qc3 Rxd1) 28... Bf8 $6 {[%eval 253,0] Inaccuracy. c5 was best.} (28... c5 29. Nxc5) 29. Nc5 {[%eval 254,0]} Qc7 {[%eval 268,0]} 30. Nxa6 $6 {[%eval 175,0] Inaccuracy. Ng5 was best.} (30. Ng5 Be7 31. Nge4 Ra8 32. Bb3 Bc8 33. g3 Kg7 34. Nd6 Qb8 35. h4 h5) 30... Bxa6 {[%eval 181,0]} 31. Nd2 {[%eval 154,0][%cal Bf3d2,Bd2e4,Be4c5][%mdl 32]} Qe7 {[%eval 155,0]} 32. Rb1 {[%eval 177,0]} Bb7 {[%eval 218,0]} 33. Ne4 {[%eval 203,0]} Qc7 {[%eval 257,0]} 34. Red1 {[%eval 206,0]} Ra8 {[%eval 264,0]} 35. Bb3 {[%eval 201,0]} (35. Nf6+ Kh8 36. d5) 35... Qb6 {[%eval 267,0]} 36. Nc5 {[%eval 225,0]} Bc8 {[%eval 213,0]} 37. g4 {[%eval 215,0][%cal Bg2g4,Bg4g5][%mdl 32]} Ra7 {[%eval 197,0]} 38. Kg2 {[%eval 223,0]} Bd7 {[%eval 263,0]} 39. h4 {[%eval 276,0]} Be8 {[%eval 326,0]} 40. g5 $6 {[%eval 228,0] Inaccuracy. h5 was best.} (40. h5 gxh5 41. Qf3 Rda8 42. Qf4 Kh8 43. Rh1 Qb8 44. Nxe6 Be7 45. Nc5 f5) 40... Bxc5 {[%eval 289,0]} 41. dxc5 {[%eval 269,0]} (41. bxc5 Qa5 42. Qf3 Rad7 $14) 41... Qc7 {[%eval 208,0]} 42. Rxd8 $6 {[%eval 162,0] Inaccuracy. Rd6 was best.} (42. Rd6 Qe7 43. Rh1 Rxd6 44. exd6 Qf8 45. h5 Qg7 46. Qf6 Bd7 47. Rh4 Qxf6) 42... Qxd8 {[%eval 185,0]} 43. Rd1 {[%eval 212,0]} Rd7 {[%eval 151,0]} 44. Qf3 $2 {[%eval 7,0] Mistake. Rd6 was best.} (44. Rd6 h6) 44... Rxd1 {[%eval 37,0]} (44... Rd2 {looks sharper.} 45. Rxd2 Qxd2 46. Qe4 Kg7) 45. Qxd1 {[%eval 42,0]} Qxd1 {[%eval 47,0]} 46. Bxd1 {[%eval 43,0][%mdl 4096] Endgame KB-KB} Kg7 {[%eval 4,0]} 47. Kg3 {[%eval 39,0]} h6 {[%eval 4,0]} 48. gxh6+ {[%eval 39,0]} Kxh6 {[%eval 39,0]} 49. Kf4 {[%eval 16,0]} Bd7 {[%eval 21,0]} 50. Kg4 {[%eval 18,0]} Be8 {[%eval 15,0]} 51. f4 {[%eval 0,0]} Bd7 {[%eval 2,0]} 52. Bf3 {[%eval 0,0]} Be8 {[%eval 0,0]} 53. Be4 {[%eval 0,0]} Bd7 {[%eval 4,0]} 54. h5 {[%eval 0,0]} gxh5+ {[%eval 0,0]} 55. Kh4 {[%eval 0,0]} Be8 {[%eval 11,0]} 56. Bd3 {[%eval 0,0]} Bd7 {[%eval 0,0]} 57. Be2 {[%eval 0,0]} Kg6 {[%eval 9,0]} 58. Bxh5+ {[%eval 0,0]} Kf5 {[%eval 0,0]} 59. Kg3 {[%eval 61,0]} (59. Bxf7 Kxf4 60. Bh5 Bc8 $19) 59... Ke4 $4 {[%eval 426,0][%mdl 8192] Blunder. f6 was best.} (59... Be8 60. Kf3 Bd7) (59... f6 60. Bg4+) 60. Bxf7 $2 $18 {[%eval 264,0] Mistake. Kg4 was best.} (60. Kg4) 60... Kd4 {[%eval 272,0]} 61. Kg4 {[%eval 284,0]} Kc3 {[%eval 518,0]} {[%tqu "En","","","","g4g5","",10]} 62. Kg5 $1 {[%eval 492,0]} Kxb4 {[%eval 481,0]} {[%tqu "En","","","","g5f6","",10]} 63. Kf6 $1 {[%eval 407,0]} Kxc5 {[%eval 498,0]} 64. Ke7 {[%eval 334,0]} Bc8 {[%eval 371,0]} 65. Kd8 {[%eval 362,0]} Ba6 {[%eval 345,0]} 66. Bxe6 {[%eval 351,0]} b4 $2 {[%eval 374,0]} (66... Kd4 67. f5 Kxe5) 67. Bf5 $4 {[%eval 0,0] Blunder. f5 was best.} (67. Bg8 $18) (67. f5 Bc4 68. Bxc4 Kxc4 69. e6 b3 70. e7 b2 71. e8=Q b1=Q 72. Qxc6+ Kd3) 67... Bc4 {[%eval 0,0]} (67... b3 68. e6 Bc4 69. e7 $16 (69. Kd7 Kd4 $14)) 68. Kd7 {[%eval 2,0]} b3 {[%eval 5,0]} 69. e6 {[%eval 1,0][%cal Be5e6,Be6e7][%mdl 32] Bh7 is the strong threat.} b2 $4 {[%eval 671,0][%mdl 8192] Blunder. Kd4 was best. [#]} (69... Kd4) 70. Bb1 {[%eval 657,0]} Kd4 {[%eval 605,0]} 71. e7 {[%eval 517,0]} c5 $2 {[%eval 1284,0] Mistake. Bb5 was best.} (71... Bb5 72. Kd8 c5 73. f5 Bd3 74. e8=Q Bxb1 75. Qh8+ Kd5 76. Qxb2 Bxf5 77. Qd2+) 72. f5 $2 {[%eval 479,0] Mistake. e8=Q was best.} (72. e8=Q Bd3 73. Qe5+ Kc4 74. Qxb2 Be4 75. Qe2+ Kb4 76. Bxe4 c4 77. f5 Kc3) 72... Ke5 $4 {[%eval 32750,0] Checkmate is now unavoidable. Bb5+ was best.} (72... Bb5+ 73. Kd8) 73. Kc6 $2 {[%eval 767,0] Lost forced checkmate sequence. e8=Q+ was best.} (73. e8=Q+ Kd4 74. Kd6 Bd3 75. Qe5+ Kc4 76. Ba2+ Kb5 77. Qxb2+ Ka6 78. Kxc5 Bb5) 73... Bf7 {[%eval 657,0]} 74. Kxc5 $4 {[%eval 0,0] Blunder. Kd7 was best.} (74. Kc7 $18 {Kd7 would kill now.} Kd4 75. Kd8) (74. Kd7 Bh5 75. e8=Q+ Bxe8+ 76. Kxe8 Kf6 77. Kd7 c4 78. Kd6 c3 79. Kd5 Kf7) 74... Be8 {[%eval 0,0]} 75. Bc2 {[%eval 0,0]} Bd7 {[%eval 0,0]} 76. Bd3 {[%eval 0,0] Weighted Error Value: White=0.36/Black=0.40 PRECISÃO SF 17; BRANCAS 83% PRETAS 83%} 1/2-1/2

[Event "I IRT CXG 2025"]
[Site "Rio de Janeiro"]
[Date "2025.04.05"]
[Round "5.2"]
[White "Nogueira, Adnilton Correia de"]
[Black "Manzi, Luiz Antonio Bardar"]
[Result "0-1"]
[WhiteElo "1745"]
[BlackElo "1996"]
[Annotator "Chessbase - SF 17.1"]
[PlyCount "88"]
[EventDate "2025.??.??"]
[EventCountry "BRA"]

1. d4 {[%eval 17,0]} Nf6 {[%eval 19,0]} 2. Nf3 {[%eval 11,0]} g6 {[%eval 22,0]} 3. Bf4 {[%eval 1,0]} Bg7 {[%eval 13,0]} 4. Nbd2 {[%eval 0,0]} O-O {[%eval 21,0]} 5. h3 {[%eval 6,0]} c5 {[%eval 3,0]} 6. e3 {[%eval 11,0]} Nc6 {[%eval 4,0]} 7. c3 {[%eval 2,0]} cxd4 {[%eval 6,0]} 8. exd4 {[%eval 9,0] The position is equal.} d6 {[%eval 3,0][%cal Be7e5] White must now prevent ...e5!} 9. Bb5 $146 {[%eval 43,0]} (9. Bc4 Re8 (9... e5 $5 10. dxe5 dxe5) 10. O-O e5 11. dxe5 dxe5 12. Bh2 h6 13. Bb5 e4 14. Nd4 Bd7 15. N4b3 Ne5 16. Bxd7 Qxd7 17. Nd4 Rac8 18. Qc2 $2 (18. a4 $15) 18... Qxd4 {0-1 (18) Vavra,J (2129)-Chlebus,M (1953) Czech Republic 2005}) (9. Nc4 Nd5 10. Bh2 b5 (10... e5 $5) 11. Ne3 Nxe3 12. fxe3 b4 13. Bb5 Bb7 14. c4 e5 15. d5 Ne7 16. e4 f5 17. Qd3 Rc8 18. O-O-O Qa5 $2 (18... fxe4 $19 19. Qxe4 a6) 19. Kb1 $1 $15 Rc7 (19... Rcd8 $5 {[%cal Ra7a6]} 20. b3 Qa3 (20... Bf6)) 20. b3 h6 21. Rhf1 f4 22. Bg1 a6 23. Ba4 g5 {Chigaev,M (2632)-Blohberger,F (2503) Chess.com INT 2021 1-0 (43)}) (9. Be2 Nh5 10. Bh2 e5 11. O-O exd4 12. Nxd4 Nxd4 13. cxd4 Nf6 14. Nc4 Ne4 15. f3 d5 16. fxe4 dxc4 17. Bxc4 Qxd4+ 18. Qxd4 Bxd4+ 19. Kh1 Be6 20. Bd5 Rad8 21. Rfd1 Bxd5 22. Rxd4 Bc6 23. Rad1 Rxd4 24. Rxd4 Re8 25. Bc7 Kg7 26. e5 Rc8 27. Bd8 f5 28. exf6+ Kf7 29. Be7 Be8 30. Rd2 Rc1+ 31. Kh2 Bc6 32. h4 h6 33. b3 g5 34. hxg5 hxg5 35. Kg3 Re1 36. Kf2 Ra1 37. Kg3 Re1 38. Kf2 Ra1 {½-½ Kamsky,G (2664)-Kramnik,V (2753) Titled Tuesday intern op 21st Feb Early Chess.com INT blitz 2023 (9)}) 9... Qb6 {[%eval 1,0]} (9... e5 $5 10. dxe5 dxe5 $15) 10. a4 {[%eval 11,0]} a6 {[%eval 9,0]} 11. Nc4 $6 {[%eval 73,0] Inaccuracy. Be2 was best.} (11. Be2) 11... Qc7 {[%eval 84,0]} 12. Bxc6 {[%eval 71,0]} Qxc6 {[%eval 63,0] [#]} 13. Ne3 $146 {[%eval 71,0]} (13. Ncd2 b5 14. O-O Bb7 15. Re1 Nd5 16. Bg3 Rfe8 17. Nf1 Rad8 18. Qb3 h6 19. N1d2 Nc7 20. axb5 axb5 21. Nf1 e5 22. dxe5 dxe5 23. Ne3 Ne6 24. Ra5 Qc7 25. Rxb5 Bxf3 26. gxf3 Ng5 27. Kg2 Qc8 28. Rh1 Qc6 29. Nd5 e4 30. f4 Nf3 31. Ne3 Nd2 32. Qb4 Bf8 33. Qa5 Nc4 34. Nxc4 e3+ 35. Kh2 Qxc4 36. Re5 Rxe5 37. fxe5 Rd2 38. Qa1 e2 39. Re1 Qd3 40. f4 Qe3 41. Qc1 Bc5 42. b4 Qg1+ {0-1 Jankov,S (2014)-Bernadskiy,V (2546) Skopje op-A 2024 (1)}) 13... Re8 {[%eval 51,0]} (13... Qe4 14. Bg5) (13... Be6 $5 {[%cal Rf6d5]}) 14. O-O {[%eval 43,0]} Bd7 {[%eval 33,0]} 15. Re1 {[%eval 42,0]} Rab8 {[%eval 2,0]} 16. Bh2 {[%eval 48,0]} b5 {[%eval 62,0]} 17. a5 {[%eval 83,0]} Qb7 {[%eval 9,0]} 18. Qb3 {[%eval -95,0]} Be6 {[%eval -86,0]} 19. Qd1 {[%eval -99,0]} h6 {[%eval 94,0]} 20. Nc2 {[%eval 96,0]} Bb3 {[%eval 74,0][%cal Bb5b4]} 21. Qd3 {[%eval -95,0]} Bd5 $6 {[%eval 44,0] Inaccuracy. Bc4 was best.} (21... Bc4) 22. Nb4 {[%eval 55,0]} Bc4 {[%eval 61,0]} (22... Be4 $5 {[%cal Re4d3]} 23. Qd2 Bxf3 24. gxf3 Nd5 25. Nxd5 Qxd5 $15) 23. Qc2 {[%eval -94,0]} Rbc8 {[%eval 52,0]} 24. Rad1 $6 {[%eval -79,0] Inaccuracy. Nd2 was best.} (24. Nd2 Bd5) 24... Be6 $4 {[%eval 71,0] Blunder. Nd5 was best.} (24... Nd5 25. Qe4 (25. Nxd5 Bxd5 26. Qd3 b4 27. Rc1 bxc3 28. bxc3 Bc4 29. Qe3 Qb5 30. Nd2) 25... Rb8) 25. Rxe6 $1 $14 {[%eval 58,0]} fxe6 {[%eval 64,0]} 26. Qxg6 {[%eval 57,0] [#] Hoping for Re1.} Rf8 $6 {[%eval 169,0] Inaccuracy. Qe4 was best.} (26... Qe4 27. Qxe4 Nxe4 28. Re1 Ng5 29. Nd2 Kf7 30. Nxa6 Nh7 31. Nf1 Nf6 32. Ne3) 27. Re1 {[%eval 172,0] Inhibits Qe4.} Qd7 {[%eval 107,0]} 28. Bf4 {[%eval 168,0]} (28. Nxa6 $6 Ra8 29. Nb4 Rxa5 $14) 28... Ne8 $6 {[%eval 258,0] Inaccuracy. Qe8 was best.} (28... Qe8 29. Qd3 Qf7 30. Qe3 Kh7 31. Qxe6 Qxe6 32. Rxe6 Rf7 33. Kf1 Ne8 34. g3) 29. Qxe6+ $4 {[%eval -299,0][%mdl 8192] Blunder. Qg4 was best.} (29. Bxh6 $2 Rf6 30. Qg5 Rxh6 $19) (29. Qg4 Nf6 30. Qh4 Rf7 31. Nxa6 Ra8 32. Nb4 Rxa5 33. Bxh6 Bxh6 34. Qxh6 Rg7) 29... Qxe6 $19 {[%eval -105,0]} 30. Rxe6 {[%eval -105,0] [#] Nd5 is the strong threat.} Rxf4 {[%eval -104,0]} 31. Rxe7 {[%eval -296,0]} Rf7 {[%eval -284,0]} 32. Nd5 {[%eval -221,0]} Nf6 {[%eval -223,0]} 33. Nb6 {[%eval -359,0]} Rxc3 {[%eval -345,0] Black is clearly winning.} 34. Re6 {[%eval -351,0]} Rc1+ {[%eval -378,0]} 35. Kh2 {[%eval -364,0]} Bf8 {[%eval -399,0]} 36. d5 {[%eval -346,0]} Rc2 {[%eval -333,0][%csl Bb2,Bf2]} 37. b3 {[%eval -348,0]} Rxf2 {[%eval -338,0]} 38. Nd4 {[%eval -438,0]} Rd2 {[%eval -345,0]} 39. Nc6 {[%eval -458,0]} Nxd5 {[%eval -459,0]} 40. Rg6+ {[%eval -595,0]} Kh7 {[%eval -591,0]} 41. Rg3 {[%eval -524,0]} Nxb6 {[%eval -507,0]} 42. axb6 {[%eval -504,0]} d5 {[%eval -509,0] Strongly threatening ...Bd6.} 43. Nd8 {[%eval -669,0]} Rd7 {[%eval -681,0]} 44. b7 {[%eval -798,0]} Rxd8 {[%eval -613,0] Weighted Error Value: White=0.55/Black=0.25 (precise) PRECISÃO SF 17; BRANCAS 84% PRETAS 92%} 0-1